000 00685nam a2200193 i 4500
001 159052
003 ES-MaACL
005 20251014063229.0
008 010613s1883 po |||| | por d
100 1 _aMartins, Oliveira,
_d1845-1894
_9129586
245 1 2 _aO regime das riqueza
_b: (elementos de chrematistica) /
_cpor J. P. Oliveira Martins.
260 _aLisboa :
_bLivraria Bertrand,
_c1883.
300 _aXXVI, 219 p. ;
_c18 cm.
490 1 _aBibliotheca das Sciencias Sociaes ;
_v13
650 4 _aRiqueza.
_9167570
830 0 _aBibliotheca das Sciencias Sociaes ;
_v13
_9221905
852 _aES-MaACL
_jF-7934
_z- Enc. pasta espaƱola
999 _c159052
_d159052